Diccionario Oxford Pocket
| Main Author: | |
|---|---|
| Format: | Section = Libro |
| Language: | Undetermined Spanish |
| Published: |
Estados Unidos
Oxford University Press
2003
|
| Subjects: |
| LEADER | 00542nam a2200193Ia 4500 | ||
|---|---|---|---|
| 008 | 240830s9999 xx 000 0 und d | ||
| 020 | |a 978-0-19-431600-2 | ||
| 040 | |a B-ESTELÍ- RUACS / Ref 423 E79 | ||
| 041 | |a spa | ||
| 082 | |a Ref 423 E79 | ||
| 100 | 1 | |a Estados Unidos. Oxford Escolar | |
| 245 | 1 | 0 | |a Diccionario Oxford Pocket |
| 260 | |a Estados Unidos |b Oxford University Press |c 2003 | ||
| 300 | |a 505 p. | ||
| 650 | 7 | |a DICCIONARIO ESPAÑOL-INGLES | |
| 650 | 7 | |b DICCIONARIO INGLES-ESPAÑOL | |
| 942 | |c BK |2 ddc | ||
| 991 | |a TEXTO | ||
| 999 | |c 11741 | ||